000 00881nam a2200265 a 4500
001 1274
003 BR-CuiBMT
005 20231203195027.0
008 231201s2005 dfba 000 0 por d
040 _aBR-CuiBMT
_cBR-CuiBMT
080 _a94
_x(81).063
_22007
090 _a94(81).063
_bE82a
100 1 _aEstrada, Osório Duque
245 1 2 _aA abolição /
_cOsório Duque Estrada.
260 _aBrasília :
_bSenado Federal,
_c2005.
300 _a256 p. ;
_c21 cm
490 1 _aColeção edições do Senado Federal ;
_vv. 39
504 _aInclui bibliografia.
650 _aTráfico de escravos (1549-1850)
_xAbolicionismo
650 _aAbolicionismo
_xHistória
_xIndependência, 1822
_zBrasil
_y(1630-1888)
650 _aEscravidão no Brasil (1539-1888)
650 _aAbolição da escravidão
_zBrasil
830 0 _aEdições do Senado Federal ;
_v39
942 _2udc
_cLV
999 _c1274
_d1274